000 01875nam0a2200361 4500
001 RU\NLR\bibl\76206
005 20260407102931.0
010 _a5-89617-013-0
_91000
021 _aRU
_b1998-39624
_91902
035 _a(NLR Aleph) 000074381
090 _a411639
_c411639
100 _a20000322d1998 |||y0rusy50 ca
101 0 _arus
102 _aRU
105 _aa |||||||||
200 1 _aМакроэкономика
_eУчеб. пособие
_f[Мальгин В.А., д.э.н., проф., Гилемханова Е.В., Шаландин В.А. к.э.н., доц. и др.
_gРедкол.: Тимирясов В.Г., акад. (науч. ред.) и др.]
_gМ-во общ. и проф. образования Рос. Федерации, М-во образования Респ. Татарстан, Ин-т экономики, упр. и права
210 _aКазань
_cЭкополис
_d1998
215 _a160 с.
_cил.
_d20
320 _aБиблиогр. в конце гл. и в подстроч. прим.
606 0 _aМакроэкономика
_jРуководства, пособия и т.п.
_91518341
_3RU\NLR\auth\66659814
606 0 _aМакроэкономика
_jУчебные издания
_91518341
_3RU\NLR\auth\66659814
686 _aУ010.3я7
701 1 _aМальгин
_bВ. А.
_4070
701 1 _aГилемханова
_bЕ. В.
_4070
701 1 _aШаландин
_bВ. А.
_4070
702 1 _4570
_8rus
_7ca
_aТимирясов
_bВ. Г.
_f1937-2013
_gВиталий Гайнуллович
_3RU\NLR\AUTH\7742682
_925625
712 0 2 _4570
_aКазанский институт экономики, управления и права
_3RU\NLR\AUTH\889931401
_9358244
801 0 _aRU
_bNLR
_c20000322
_gPSBO
801 1 _aRU
_bNLR
_c20000322
852 _aNLR
_j99-3/20952
942 _cBOOK
980 _aNB